000
00302nam a2200133Ia 4500
003
GCL
008
140319s9999 xx 000 0 ara d
040
_a
GCL /
_c
GCL
082
0
4
_a
811.9
_b
م ذ
245
1
0
_a
ذكرياتى
260
_a
[S.N] :
_b
دار الرافدين
300
_a
578 ص
490
_a
999
_c
35510
_d
35510